|
|
|
|
| LEADER |
00000cam a2200000 a 4500 |
| 001 |
vtls011534804 |
| 003 |
SK-MaSNL |
| 005 |
20260301040620.0 |
| 008 |
240318s2016 xo a a 000 j slo |
| 015 |
|
|
|a SNBA2016/05
|
| 020 |
|
|
|a 9788089612468
|q (brož.)
|
| 035 |
|
|
|a 41BDD7FF-C89A-451B-B3EA-16F7DCEB42BC
|
| 035 |
|
|
|a urn:nbn:sk:snk-amlljq
|
| 035 |
|
|
|a urn:nbn:sk:snk-am00bf6s
|
| 040 |
|
|
|a SNK
|b slo
|c SNK
|e AACR2
|
| 041 |
1 |
|
|a slo
|h ger
|
| 044 |
|
|
|a xo
|c SK
|
| 072 |
|
7 |
|a 821-93
|x Literatúra pre deti a mládež (beletria)
|2 konspekt
|
| 080 |
|
|
|a 821-32
|2 2011
|
| 080 |
|
|
|a 82-93-053.2
|2 2011
|
| 100 |
1 |
|
|a Schneider, Liane,
|d 1957-
|4 aut
|9 176481
|
| 240 |
1 |
0 |
|a Conni macht das seepferdchen
|l Slovensky
|
| 245 |
1 |
0 |
|a Terka sa učí plávať
|c napísala Liane Schneider ; ilustrovala Eva Wenzel-Bürger ; [preklad Zuzana Dodoková]
|
| 260 |
|
|
|a Bratislava
|b Verbarium
|c 2016
|
| 300 |
|
|
|a [23] s.
|b fareb. ilustr.
|c 19 x 19 cm
|
| 490 |
1 |
|
|a Kamarátka Terka
|
| 500 |
|
|
|a Na obale uvedené: Poznáte z TV seriálu Conni
|
| 521 |
1 |
|
|a Pre deti od 3 rokov
|
| 655 |
|
7 |
|a príbehy
|2 SNKPH
|9 70507
|
| 655 |
|
7 |
|a Stories
|2 SNKPHeng
|9 265785
|
| 655 |
|
7 |
|a publikácie pre deti
|2 SNKPH
|9 70148
|
| 655 |
|
7 |
|a Children's literature
|2 SNKPHeng
|9 276039
|
| 700 |
1 |
|
|a Wenzel-Bürger, Eva,
|d činná v 20. storočí
|4 ill
|9 158220
|
| 700 |
1 |
|
|a Dodoková, Zuzana
|d 1977-
|4 trl
|9 161052
|
| 830 |
|
0 |
|a Kamarátka Terka
|9 341067
|
| 919 |
|
|
|a 978-80-89612-46-8
|
| 958 |
|
|
|a LX
|
| 958 |
|
|
|a DB
|
| 958 |
|
|
|a UP
|
| 968 |
|
|
|b ENG
|
| 999 |
|
|
|c 586502
|d 588432
|
| 952 |
|
|
|a SNK
|b SNK
|y PREZ
|7 0
|p 17A1194946
|o snkSC 169633
|i snk2016/11726
|8 0
|0 0
|1 0
|4 0
|d 2016-05-06
|f 1
|l 0
|r 2026-02-23 15:11:26
|w 2026-02-23
|
| 952 |
|
|
|a SNK
|b SNK
|y VYP
|7 0
|p 17A1194947
|o snkSC 169633 D1
|i snk2016/11727
|8 0
|0 0
|1 0
|4 0
|d 2016-05-06
|l 0
|r 2026-02-23 15:11:26
|w 2026-02-23
|